Districts of Belize - Statistics

General Stats
  • This quiz has been taken 11 times
  • The average score is 4 of 6
Answer Stats
Hint Answer % Correct
Districts Belize
100%
Districts Corozal
57%
Districts Orange Walk
57%
Districts Stann Creek
57%
Districts Cayo
43%
Districts Toledo
43%
No matching quizzes found
Score Distribution
Percent of People with Each Score
Percentile by Number Answered
Your Score History
You have not taken this quiz